000 00907cam a2200193 4500
001 WB3528-47
008 000000n1999 000 0 eng u
035 _a(Sirsi) u102313
245 _aDensity formula packs them in.
260 _c1999
490 _aBuilding Design
_v(1404) 16 July 1999, 1(1)
520 _aLlewelyn-Davies has devised a matrix for calculating suitable densities for different urban locations. It recommends densities of up to 900 habitable rooms per hectare in central locations, almost four times higher than the present recommended maximum of 250. This will be published as part of a report for London Planning Advisory Committee, Sustainable residential quality (large sites).
650 _aLPAC
650 _aLONDON PLANNING ADVISORY COMMITTEE
650 _aSUSTAINABLE DEVELOPMENT
650 _aRESIDENTIAL DEVELOPMENT
690 _aPLANNING LAW AND PRACTICE
942 _n0
999 _c61338
_d61338